00767nam a2200193 a 450000100100000000500170001000800410002702000150006804000250008310000480010824501200015626000960027630000210037249000210039383000280041404900090044295201050045199900170055600003390220200930070618.0110914s1988 es 000 0 spa d a8400068920 aDO-SdBNPbspacBNPHU1 aDelgado Gómez-Escalonilla, Lorenzo95934410aDiplomacia franquista y política cultural hacia iberoamérica 1939-1953 /cLorenzo Delgado Gómez- Escalonilla. aMadrid :bCentro de Estudios Históricos, Departamento de Historia Contemporánea,c1988. a294 p. ;c23 cm.1 aMonografíasv6 0aMonografíasv6915334 aBNPD 001050718MOaGRbGRcCTd2011-09-14iLF1l0o p33902-10r2020-06-25w2020-06-25y1ZNo se presta c33393d33393